[Event "Ïåðâåíñòâî Ìîñêâû ïî øàõìàòàì 2015 ñðåäè"]
[Site "Moscow"]
[Date "2015.11.17"]
[Round "6.20"]
[White "Òðîôèìîâ, Áîðèñ."]
[Black "Ãåðàñèìîâ, Âàäèì."]
[Result "0-1"]
[WhiteElo "1560"]
[BlackElo "1299"]
[PlyCount "58"]
[EventDate "2015.11.12"]

1. e4 c5 2. Nf3 d6 3. d4 cxd4 4. Nxd4 Nf6 5. Nc3 g6 6. Be3 Bg7 7. Be2 O-O 8. f3
Nc6 9. Qd2 Bd7 10. O-O Rc8 11. Rad1 Ne5 12. Kh1 Nc4 13. Bxc4 Rxc4 14. b3 Rc8
15. Nce2 e5 16. c4 exd4 17. Bxd4 b6 18. Bxf6 Qxf6 19. Qxd6 Be6 20. Qf4 Rfd8 21.
g4 Qb2 22. Rxd8+ Rxd8 23. Qc7 Rd7 24. Qb8+ Bf8 25. Nf4 Kg7 26. e5 Qxa2 27. Qe8
Re7 28. Qa8 Qxb3 29. Rg1 Bxc4 0-1

[Event "Ïåðâåíñòâî Ìîñêâû ïî øàõìàòàì 2015 ñðåäè"]
[Site "Moscow"]
[Date "2015.11.17"]
[Round "6.21"]
[White "Ùåðáàêîâ, Ìèõàèë."]
[Black "Çàéöåâ, Þðèé."]
[Result "1/2-1/2"]
[WhiteElo "1485"]
[BlackElo "1554"]
[PlyCount "107"]
[EventDate "2015.11.12"]

1. e4 c6 2. d4 d5 3. e5 Bf5 4. Nf3 e6 5. c3 Nd7 6. Bd3 Bxd3 7. Qxd3 Ne7 8. Bg5
Qb6 9. b3 h6 10. Be3 Nf5 11. O-O Be7 12. Nbd2 Qd8 13. c4 h5 14. c5 g5 15. Ne1
g4 16. f4 Nf8 17. b4 h4 18. Rb1 h3 19. g3 b6 20. Bf2 b5 21. Nb3 Ng6 22. Nc2 Qd7
23. Ne3 Bd8 24. Nxg4 a5 25. Nxa5 Rg8 26. Qe2 Nxf4 27. gxf4 Nh6 28. Kh1 Nxg4 29.
Be1 f5 30. Rf3 Rh8 31. Qd3 Be7 32. Rxh3 Kf7 33. Rxh8 Rxh8 34. Rb2 Bd8 35. Bg3
Ke8 36. Qb3 Ke7 37. a4 Rh7 38. axb5 cxb5 39. c6 Qc7 40. Qc3 Qb6 41. Nb7 Ke8 42.
Nxd8 Kxd8 43. Qc5 Qxc5 44. bxc5 Rc7 45. Rxb5 Rxc6 46. Rb6 Rxb6 47. cxb6 Kc8 48.
h4 Kb7 49. h5 Kxb6 50. Kg2 Kb5 51. Bf2 Kc4 52. Bg1 Kd3 53. Kg3 Ke4 54. Bf2
1/2-1/2

[Event "Ïåðâåíñòâî Ìîñêâû ïî øàõìàòàì 2015 ñðåäè"]
[Site "Moscow"]
[Date "2015.11.17"]
[Round "6.22"]
[White "Ôåéçóëëèí, Äàíèÿð."]
[Black "Ìèíüêî, Äìèòðèé."]
[Result "0-1"]
[WhiteElo "1419"]
[BlackElo "1903"]
[PlyCount "124"]
[EventDate "2015.11.12"]

1. e4 e5 2. Nf3 Nc6 3. Bc4 Nf6 4. d3 h6 5. Nc3 Bb4 6. Bd2 Bxc3 7. Bxc3 d6 8.
O-O O-O 9. Re1 Re8 10. b4 a6 11. a4 Ne7 12. d4 exd4 13. Bxd4 Ng6 14. e5 dxe5
15. Nxe5 Be6 16. Bxe6 Rxe6 17. c3 Nxe5 18. Rxe5 Rxe5 19. Bxe5 Qe7 20. Bd4 Re8
21. h3 c6 22. Qf3 Nd5 23. Qg3 g6 24. f4 Kh7 25. Rf1 Qe4 26. f5 g5 27. Qd6 Nf4
28. Rf2 Qxf5 29. Qc7 Qe6 30. Qxb7 Qc4 31. h4 Kg6 32. hxg5 hxg5 33. Qd7 Re1+ 34.
Kh2 Qe6 35. Qxe6+ Rxe6 36. g3 Nd5 37. a5 f5 38. Rb2 Re4 39. Rf2 Nxb4 40. cxb4
Rxd4 41. Rc2 Rd6 42. Rc5 g4 43. Kg1 Kf6 44. Kf2 Re6 45. Kf1 Kg5 46. Kf2 Kg6 47.
Kf1 Rf6 48. Kf2 Rd6 49. Kf1 Kf6 50. Ke2 Kg5 51. Kf1 Rh6 52. Kg2 Rd6 53. Kf1 Rd3
54. Rxc6 Rxg3 55. Rxa6 Rb3 56. Rb6 Kf4 57. a6 Kf3 58. Ke1 g3 59. a7 Ra3 60. Rb7
g2 61. Rg7 Rxa7 62. Rxg2 Kxg2 0-1

[Event "Ïåðâåíñòâî Ìîñêâû ïî øàõìàòàì 2015 ñðåäè"]
[Site "Moscow"]
[Date "2015.11.17"]
[Round "6.24"]
[White "Î÷èðîâ, Ëèäæè."]
[Black "Êàëèòà, Äàíèèë."]
[Result "1-0"]
[WhiteElo "1605"]
[BlackElo "1448"]
[PlyCount "79"]
[EventDate "2015.11.12"]

1. e4 c5 2. Nc3 d6 3. g3 Nc6 4. Bg2 Nf6 5. d3 g6 6. f4 Bg4 7. Nge2 Qd7 8. Be3
Bg7 9. Qd2 h5 10. h3 Bxe2 11. Qxe2 e5 12. fxe5 Nxe5 13. Qf2 Nc6 14. a3 O-O 15.
O-O Rae8 16. Qd2 a6 17. Rf2 Qe6 18. Raf1 Ne7 19. Bh6 Nd7 20. Kh2 Ne5 21. Ne2 h4
22. gxh4 Kh7 23. Bxg7 Kxg7 24. Nf4 Qd7 25. c3 Rh8 26. d4 Ng4+ 27. hxg4 Rxh4+
28. Nh3 Rf8 29. g5 Qc7 30. Kg1 Qd7 31. Rf4 Rxh3 32. Bxh3 Qxh3 33. Qf2 Nf5 34.
exf5 Rh8 35. Qg2 Qe3+ 36. R1f2 Rh3 37. R4f3 Qc1+ 38. Qf1 Qxg5+ 39. Rg2 Qh6 40.
Rxh3 1-0

[Event "Ïåðâåíñòâî Ìîñêâû ïî øàõìàòàì 2015 ñðåäè"]
[Site "Moscow"]
[Date "2015.11.17"]
[Round "6.25"]
[White "Ìàêñèìåíêî, Àðñåíèé."]
[Black "Êàçàêîâ, Ãëåá."]
[Result "1-0"]
[WhiteElo "1451"]
[BlackElo "1522"]
[PlyCount "83"]
[EventDate "2015.11.12"]

1. e4 e5 2. Nf3 Nc6 3. Bc4 Bc5 4. c3 Nf6 5. d3 d5 6. exd5 Nxd5 7. O-O O-O 8.
Re1 Re8 9. d4 Bb6 10. dxe5 Nde7 11. Qxd8 Nxd8 12. Bg5 Ng6 13. Bxd8 Rxd8 14.
Nbd2 Re8 15. h3 c6 16. Bd3 Ne7 17. Ne4 Rd8 18. Bc4 Bc7 19. Rad1 Bf5 20. Ng3 Bc2
21. Rxd8+ Rxd8 22. Nd4 Bg6 23. f4 Bb6 24. Nge2 Nf5 25. e6 Nxd4 26. Nxd4 fxe6
27. Bxe6+ Bf7 28. Bxf7+ Kxf7 29. Re4 Kf6 30. g4 g6 31. Kg2 c5 32. Nf3 Rd1 33.
Re1 Rd8 34. Kg3 Bc7 35. g5+ Kf7 36. Kg4 Rd7 37. Re2 Kg7 38. Nh4 Kf7 39. f5 Re7
40. fxg6+ hxg6 41. Rxe7+ Kxe7 42. Nxg6+ 1-0

[Event "Ïåðâåíñòâî Ìîñêâû ïî øàõìàòàì 2015 ñðåäè"]
[Site "Moscow"]
[Date "2015.11.17"]
[Round "6.26"]
[White "Æåðäåâ, Ñâÿòîñëàâ."]
[Black "Òèøêèí, Áîðèñ."]
[Result "0-1"]
[WhiteElo "1519"]
[BlackElo "1390"]
[PlyCount "58"]
[EventDate "2015.11.12"]

1. e4 c5 2. Nf3 d6 3. c3 Nf6 4. Be2 Nxe4 5. Qa4+ Bd7 6. Qxe4 Nc6 7. O-O f5 8.
Qe3 e5 9. d3 f4 10. Qe4 Qf6 11. Qa4 g5 12. Qb3 O-O-O 13. Nbd2 Be6 14. Qc2 d5
15. h3 h5 16. Rd1 g4 17. hxg4 hxg4 18. Nh2 Qh4 19. Ndf1 g3 20. Bf3 gxh2+ 21.
Kh1 Bf5 22. Re1 Bg7 23. b3 Qh7 24. Rd1 e4 25. dxe4 dxe4 26. Rxd8+ Rxd8 27. Bd1
f3 28. Be3 fxg2+ 29. Kxg2 Qh3+ 0-1

[Event "Ïåðâåíñòâî Ìîñêâû ïî øàõìàòàì 2015 ñðåäè"]
[Site "Moscow"]
[Date "2015.11.17"]
[Round "6.27"]
[White "Êíÿçåâ, Àðòåì."]
[Black "Áîãåð, Þðèé."]
[Result "0-1"]
[WhiteElo "1504"]
[BlackElo "1321"]
[PlyCount "115"]
[EventDate "2015.11.12"]

1. d4 d5 2. c4 e6 3. Nc3 Be7 4. cxd5 exd5 5. e3 c6 6. Bd3 Nf6 7. Nf3 Bg4 8. h3
Bh5 9. O-O Bg6 10. Bxg6 fxg6 11. Ne5 O-O 12. e4 Kh8 13. exd5 Nxd5 14. Nxd5 Qxd5
15. Be3 Nd7 16. f4 Nb6 17. Qf3 Rad8 18. Qxd5 Nxd5 19. Rf3 Nxe3 20. Rxe3 Bb4 21.
Re4 Bd2 22. g3 Rxd4 23. Nf7+ Kg8 24. Rxd4 Be3+ 25. Kg2 Bxd4 26. Nd6 b6 27. Rb1
Rd8 28. Ne4 Bf6 29. b3 Rd4 30. Kf3 Kf7 31. Rc1 c5 32. g4 Rd3+ 33. Kg2 Rd4 34.
Kf3 Rd3+ 35. Kg2 Re3 36. Nxf6 Kxf6 37. Rc2 Rd3 38. Re2 Rc3 39. Kh2 Rd3 40. Kg2
a6 41. Rc2 a5 42. Rc4 Rd2+ 43. Kf3 Rxa2 44. Re4 Ra3 45. g5+ Kf7 46. Re3 b5 47.
Ke2 a4 48. bxa4 Rxe3+ 49. Kxe3 bxa4 50. Kd3 Ke6 51. Kc4 Kf5 52. Kc3 Kxf4 53.
Kb2 c4 54. Kc3 a3 55. Kc2 Kg3 56. Kb1 c3 57. Kc2 Kxh3 58. Kb1 0-1

[Event "Ïåðâåíñòâî Ìîñêâû ïî øàõìàòàì 2015 ñðåäè"]
[Site "Moscow"]
[Date "2015.11.17"]
[Round "6.29"]
[White "Ïàâëîâ, Èâàí."]
[Black "Ãîðíîñòàåâ, ßêîâ."]
[Result "1/2-1/2"]
[WhiteElo "1394"]
[BlackElo "1452"]
[PlyCount "89"]
[EventDate "2015.11.12"]

1. e4 e6 2. d4 d5 3. exd5 exd5 4. Bd3 Nf6 5. Nf3 Bd6 6. O-O O-O 7. Bg5 h6 8.
Bh4 c5 9. dxc5 Bxc5 10. Nbd2 Bb6 11. c3 Nc6 12. Qc2 Be6 13. Rfe1 Re8 14. Rad1
Bd7 15. Rxe8+ Bxe8 16. Qb3 g5 17. Bg3 Na5 18. Qc2 Nc6 19. Bf5 Bd7 20. Bxd7 Nxd7
21. Qf5 Nf6 22. Ne5 Nxe5 23. Bxe5 Nh7 24. Qh3 f6 25. Bg3 Kg7 26. Nf3 Rc8 27.
Qh5 Rc4 28. h4 d4 29. hxg5 hxg5 30. Ne5 fxe5 31. Bxe5+ Nf6 32. Qxg5+ Kf7 33.
Bxf6 Qxf6 34. Qd5+ Qe6 35. Qxb7+ Ke8 36. cxd4 Bxd4 37. Qb5+ Ke7 38. Qb7+ Ke8
39. Qb5+ Ke7 40. b3 Bxf2+ 41. Kf1 Rc2 42. Qb7+ Kf6 43. Qf3+ Ke7 44. Qb7+ Kf6
45. Qf3+ 1/2-1/2

[Event "Ïåðâåíñòâî Ìîñêâû ïî øàõìàòàì 2015 ñðåäè"]
[Site "Moscow"]
[Date "2015.11.17"]
[Round "6.30"]
[White "Êàðëîâ, Åãîð."]
[Black "Æóê, Êèðèëë."]
[Result "1/2-1/2"]
[WhiteElo "1681"]
[BlackElo "1351"]
[PlyCount "137"]
[EventDate "2015.11.12"]

1. d4 d5 2. c4 e6 3. cxd5 exd5 4. Nc3 Bf5 5. Nf3 c6 6. Bg5 Be7 7. Bxe7 Qxe7 8.
e3 Nd7 9. Be2 Ngf6 10. Qd2 Ne4 11. Nxe4 Bxe4 12. Qc3 Bxf3 13. Bxf3 Nf6 14.
O-O-O Ne4 15. Qc2 Nd6 16. Rhe1 O-O-O 17. Bxd5 Kb8 18. Bf3 h6 19. Kb1 Rhe8 20.
Qb3 Ne4 21. Qc2 Nd6 22. g3 Qf6 23. Bg2 Nb5 24. Rf1 Nc7 25. Qb3 Nd5 26. Rd2 Qg6+
27. Qc2 Qe6 28. a3 Re7 29. Rd3 Red7 30. Rb3 Ka8 31. Be4 g6 32. Bg2 Re7 33. Rd3
Red7 34. Rd2 f5 35. Re1 Nf6 36. Rd3 Re7 37. Qb3 Qd6 38. Qc4 Ne4 39. Bxe4 Rxe4
40. Rc1 Kb8 41. Qc5 Qd5 42. Qxd5 Rxd5 43. Rc5 Rxc5 44. dxc5 g5 45. Rd6 h5 46.
Rg6 f4 47. Rxg5 fxe3 48. fxe3 h4 49. gxh4 Rxe3 50. Rg3 Re4 51. Rh3 Re5 52. h5
Re7 53. h6 Rh7 54. Rh5 Kc7 55. Kc2 Kd7 56. Kd3 Ke6 57. Ke4 Kf6 58. Kf4 Kg6 59.
Kg4 b6 60. cxb6 axb6 61. a4 c5 62. a5 bxa5 63. Rxc5 Rb7 64. Rc2 Rb4+ 65. Kg3
Kxh6 66. Rc5 Rxb2 67. Rxa5 Kg6 68. Ra4 Rb5 69. h4 1/2-1/2

[Event "Ïåðâåíñòâî Ìîñêâû ïî øàõìàòàì 2015 ñðåäè"]
[Site "Moscow"]
[Date "2015.11.17"]
[Round "6.31"]
[White "Ìîðîçîâ, Ôåäîð."]
[Black "Èâàíîâ, Ñòåïàí."]
[Result "0-1"]
[WhiteElo "1574"]
[BlackElo "1381"]
[PlyCount "52"]
[EventDate "2015.11.12"]

1. e4 e6 2. d4 d5 3. exd5 exd5 4. Bd3 Nc6 5. Ne2 Nb4 6. Nbc3 Nxd3+ 7. Qxd3 c6
8. Be3 Bd6 9. O-O-O Ne7 10. f3 a5 11. Bf4 a4 12. Rde1 b5 13. Bxd6 Qxd6 14. Ng3
g6 15. Qe3 b4 16. Nb1 h6 17. Nf1 Be6 18. g4 Rb8 19. Nfd2 Rc8 20. Qd3 c5 21.
Qb5+ Bd7 22. dxc5 Rxc5 23. Qd3 Bb5 24. Qd4 Rh7 25. Ne4 Qf4+ 26. Ned2 Qxd4 0-1

[Event "Ïåðâåíñòâî Ìîñêâû ïî øàõìàòàì 2015 ñðåäè"]
[Site "Moscow"]
[Date "2015.11.17"]
[Round "6.32"]
[White "Êàðàåâ, Àðòóð."]
[Black "Ïåòóõîâ, Íèêèòà."]
[Result "1-0"]
[WhiteElo "1462"]
[BlackElo "1246"]
[PlyCount "31"]
[EventDate "2015.11.12"]

1. b4 d5 2. Bb2 e6 3. e3 Bxb4 4. Bxg7 Nf6 5. Bxh8 c5 6. Be2 d4 7. exd4 cxd4 8.
Nf3 Nc6 9. O-O b6 10. Bb5 Bd7 11. c3 Bc5 12. Qa4 Rc8 13. cxd4 Bd6 14. Rc1 Qe7
15. Bxc6 Bxc6 16. Rxc6 1-0

[Event "Ïåðâåíñòâî Ìîñêâû ïî øàõìàòàì 2015 ñðåäè"]
[Site "Moscow"]
[Date "2015.11.17"]
[Round "6.33"]
[White "Íèêóëüøèí, Àëåêñåé."]
[Black "Èëüþøèí, Òèìîôåé."]
[Result "1-0"]
[WhiteElo "1440"]
[BlackElo "1336"]
[PlyCount "53"]
[EventDate "2015.11.12"]

1. e4 e6 2. d4 d5 3. exd5 exd5 4. Nf3 Nc6 5. Bd3 Bg4 6. c3 Bd6 7. O-O Nge7 8.
Be3 Qd7 9. Nbd2 O-O-O 10. b4 Ng6 11. a4 Nce7 12. a5 Nf4 13. Bxf4 Bxf4 14. Qc2
f6 15. b5 h5 16. b6 a6 17. Rfb1 cxb6 18. Rxb6 Bc7 19. Rb2 Qc6 20. Rab1 Kd7 21.
Rxb7 Ke8 22. Bxa6 Qxa6 23. Rxc7 Qxa5 24. Rcb7 Kf8 25. Qb2 Kf7 26. Ra1 Qxa1+ 27.
Qxa1 1-0

[Event "Ïåðâåíñòâî Ìîñêâû ïî øàõìàòàì 2015 ñðåäè"]
[Site "Moscow"]
[Date "2015.11.17"]
[Round "6.34"]
[White "Èâàíîâ, Åãîð."]
[Black "Àðáóçîâ, Òèìîôåé."]
[Result "1-0"]
[WhiteElo "1348"]
[BlackElo "1701"]
[PlyCount "65"]
[EventDate "2015.11.12"]

1. d4 g6 2. Nf3 Bg7 3. Bf4 d6 4. e3 Nd7 5. c3 e5 6. Bg3 Ne7 7. Qc2 O-O 8. Nbd2
c6 9. Be2 h6 10. h3 Kh8 11. Bh2 f5 12. O-O-O a5 13. g4 fxg4 14. hxg4 b5 15. Bg3
b4 16. Ng5 Nb6 17. Bd3 bxc3 18. bxc3 Bxg4 19. Rdg1 exd4 20. exd4 Nbd5 21. Bxg6
Nxc3 22. Qxc3 Nxg6 23. Qe3 Qf6 24. Bxd6 Rfe8 25. Be5 Nxe5 26. dxe5 Rxe5 27.
Qxe5 Qxe5 28. Nf7+ Kh7 29. Nxe5 Bf5 30. Ndc4 Rb8 31. Rg5 Bd3 32. Rg3 Bf5 33.
Rb3 1-0

[Event "Ïåðâåíñòâî Ìîñêâû ïî øàõìàòàì 2015 ñðåäè"]
[Site "Moscow"]
[Date "2015.11.18"]
[Round "7.1"]
[White "Ïîãîñÿí, Ñòåôàí."]
[Black "Òàðàñîâ, Äàíèëà."]
[Result "1-0"]
[WhiteElo "2057"]
[BlackElo "1893"]
[PlyCount "107"]
[EventDate "2015.11.12"]

1. d4 Nf6 2. c4 g6 3. Nc3 Bg7 4. Nf3 d6 5. g3 O-O 6. Bg2 Nc6 7. O-O e5 8. d5
Ne7 9. e4 Nd7 10. Ne1 f5 11. Nd3 Nf6 12. Bg5 h6 13. Bxf6 Rxf6 14. Qd2 Qf8 15.
f4 exf4 16. Nxf4 g5 17. Nh5 Rf7 18. Nxg7 Qxg7 19. Nb5 Ng6 20. exf5 Bxf5 21. Nd4
Raf8 22. Ne6 Bxe6 23. dxe6 Rxf1+ 24. Rxf1 Rxf1+ 25. Kxf1 Qf6+ 26. Kg1 Ne7 27.
Bxb7 Qxe6 28. b3 Qe5 29. Bf3 Kg7 30. Kf2 Nf5 31. Bg4 Qc5+ 32. Ke2 Qe5+ 33. Kf2
Qc5+ 34. Kf3 Nd4+ 35. Ke4 Qe5+ 36. Kd3 Nc6 37. Qc3 Kg6 38. Bf3 Qc5 39. Be4+ Kf7
40. Qh8 Ne5+ 41. Ke2 Qd4 42. Qh7+ Ke8 43. Qg8+ Ke7 44. Qg7+ Ke6 45. Qxh6+ Ke7
46. Qxg5+ Kf7 47. Qh5+ Kg7 48. Qh7+ Kf8 49. Qh6+ Ke7 50. Qg5+ Kf8 51. Qd8+ Kg7
52. Qxc7+ Nf7 53. Bd5 Qg4+ 54. Kd2 1-0

[Event "Ïåðâåíñòâî Ìîñêâû ïî øàõìàòàì 2015 ñðåäè"]
[Site "Moscow"]
[Date "2015.11.18"]
[Round "7.2"]
[White "Ìàêàðÿí, Ðóäèê."]
[Black "Ïðèâàëîâ, Èãîðü."]
[Result "1/2-1/2"]
[WhiteElo "1988"]
[BlackElo "2011"]
[PlyCount "139"]
[EventDate "2015.11.12"]

1. d4 Nf6 2. c4 g6 3. Nc3 Bg7 4. e4 O-O 5. h3 d6 6. Nf3 e5 7. d5 Nbd7 8. Be3 a5
9. Nd2 Nh5 10. g3 Bf6 11. Be2 Ng7 12. Nf3 Be7 13. g4 f5 14. gxf5 gxf5 15. Bh6
Rf6 16. Bxg7 Kxg7 17. exf5 Nc5 18. Qd2 Bxf5 19. O-O-O Bg6 20. Rhg1 Kh8 21. h4
Qf8 22. Qe3 Rxf3 23. Bxf3 Qf5 24. Kd2 Bxh4 25. Rg4 Be7 26. Ke2 Rf8 27. Rh1 Qc2+
28. Kf1 Qd3+ 29. Qxd3 Bxd3+ 30. Be2 Bf5 31. Rg3 Ne4 32. Nxe4 Bxe4 33. Rh2 Bb1
34. a3 Bf6 35. Bd3 Bxd3+ 36. Rxd3 Bg5 37. Ke2 Bc1 38. Rb3 b6 39. Rh1 Bf4 40.
Rbh3 h6 41. Kd3 Bg5 42. f3 Rf4 43. b4 a4 44. R1h2 Rd4+ 45. Kc3 Rd1 46. Re2 Rc1+
47. Rc2 Rb1 48. Kd3 Rb3+ 49. Rc3 Rb2 50. Rc2 Rb1 51. Ke4 Kg7 52. Kf5 Rb3 53.
Ke6 e4 54. Kd7 exf3 55. Kxc7 Rxa3 56. Kxb6 Rb3 57. Ka5 a3 58. Ra2 f2 59. Rh1
Rf3 60. Rf1 Bh4 61. b5 Rb3 62. Ka4 Re3 63. b6 Re1 64. Rfxf2 Bxf2 65. Rxf2 Rb1
66. Ka5 Rb2 67. Rf1 a2 68. Ra1 Kf7 69. Ka6 Ke7 70. Ka7 1/2-1/2

[Event "Ïåðâåíñòâî Ìîñêâû ïî øàõìàòàì 2015 ñðåäè"]
[Site "Moscow"]
[Date "2015.11.18"]
[Round "7.3"]
[White "Èâëåâ, Àëåêñàíäð."]
[Black "Âèíîêóð, Ëåîíèä."]
[Result "0-1"]
[WhiteElo "1588"]
[BlackElo "1625"]
[PlyCount "58"]
[EventDate "2015.11.12"]

1. e4 e6 2. d4 d5 3. Nc3 Bb4 4. exd5 exd5 5. g3 Bxc3+ 6. bxc3 Qe7+ 7. Qe2 Qxe2+
8. Bxe2 Nf6 9. Nf3 O-O 10. O-O Re8 11. Bd3 Bg4 12. Ne5 Nbd7 13. Nxg4 Nxg4 14.
Bf4 c6 15. Rab1 b6 16. h3 Ngf6 17. Ba6 Ne4 18. Rb3 g5 19. f3 gxf4 20. fxe4 Rxe4
21. Bb7 Rd8 22. Bxc6 Nf6 23. Bb5 Nh5 24. Bd3 Re3 25. Rb5 Kh8 26. c4 Nxg3 27.
Rxf4 Rxd3 28. Rxf7 Rd1+ 29. Kf2 Rf1+ 0-1

[Event "Ïåðâåíñòâî Ìîñêâû ïî øàõìàòàì 2015 ñðåäè"]
[Site "Moscow"]
[Date "2015.11.18"]
[Round "7.4"]
[White "Ðóñòàìîâ, Ñåçãèí."]
[Black "Äóäèí, Ãëåá."]
[Result "1-0"]
[WhiteElo "1351"]
[BlackElo "1776"]
[PlyCount "43"]
[EventDate "2015.11.12"]

1. e4 e6 2. d4 d5 3. Nc3 Nf6 4. e5 Nfd7 5. Nce2 c5 6. c3 Nc6 7. Nf3 Be7 8. Nf4
Qb6 9. a3 a5 10. h4 Nf8 11. Be2 h6 12. Nh5 Rg8 13. Rh3 Bd7 14. Rg3 O-O-O 15.
Rxg7 Ng6 16. Rxg8 Rxg8 17. g3 c4 18. Qc2 Qd8 19. Nf4 b5 20. Nxg6 Rxg6 21. b3 f6
22. Qxg6 1-0

[Event "Ïåðâåíñòâî Ìîñêâû ïî øàõìàòàì 2015 ñðåäè"]
[Site "Moscow"]
[Date "2015.11.18"]
[Round "7.5"]
[White "Ñóááîòèí, Ìóðàò."]
[Black "Àãàáåêîâ, Ñàâåëèé."]
[Result "0-1"]
[WhiteElo "1862"]
[BlackElo "1502"]
[PlyCount "110"]
[EventDate "2015.11.12"]

1. e4 c6 2. d3 d5 3. Nd2 e5 4. Ngf3 Bd6 5. g3 Bg4 6. Bg2 Nf6 7. O-O O-O 8. h3
Bh5 9. c3 Nbd7 10. Qc2 Bg6 11. Nh4 Re8 12. Nxg6 hxg6 13. Nf3 dxe4 14. dxe4 Qc7
15. Bg5 Nc5 16. Nd2 Ne6 17. Be3 Rad8 18. b4 Kh7 19. Rfd1 b5 20. a4 bxa4 21.
Rxa4 c5 22. Qa2 cxb4 23. cxb4 Ra8 24. Nc4 Be7 25. Rc1 Rac8 26. Rxa7 Qb8 27. Ra4
Red8 28. Qb2 Qb5 29. Qb3 Nd4 30. Qa2 Ne2+ 31. Qxe2 Qxa4 32. Qb2 Rd1+ 33. Kh2
Rxc1 34. Qxc1 Qxb4 35. Bf1 Ne8 36. Qd2 Qxd2 37. Bxd2 f6 38. Ne3 Bc5 39. Nd1 Rd8
40. Be3 Rxd1 41. Bxc5 Rxf1 42. Kg2 Rc1 43. Be3 Rc3 44. Bb6 Rc4 45. f3 Rc2+ 46.
Bf2 g5 47. Kf1 Rxf2+ 48. Kxf2 Kg6 49. Ke3 f5 50. f4 gxf4+ 51. gxf4 exf4+ 52.
Kxf4 fxe4 53. Kxe4 Kh5 54. Kf3 Kh4 55. Kg2 g5 0-1

[Event "Ïåðâåíñòâî Ìîñêâû ïî øàõìàòàì 2015 ñðåäè"]
[Site "Moscow"]
[Date "2015.11.18"]
[Round "7.6"]
[White "Àí÷èêîâ, Âëàäèìèð."]
[Black "Áóþêëè, Åãîð."]
[Result "0-1"]
[WhiteElo "1691"]
[BlackElo "1783"]
[PlyCount "72"]
[EventDate "2015.11.12"]

1. d4 Nf6 2. c4 e6 3. Nf3 d5 4. Nc3 Nbd7 5. Bg5 c6 6. e3 Qa5 7. Bxf6 Nxf6 8.
Qa4 Qxa4 9. Nxa4 Bb4+ 10. Nc3 Ne4 11. Rc1 Ke7 12. Bd3 Nxc3 13. bxc3 Bd6 14. c5
Bc7 15. c4 f6 16. cxd5 cxd5 17. O-O g5 18. h3 h5 19. g4 hxg4 20. hxg4 e5 21.
dxe5 fxe5 22. Nxg5 Rh4 23. f3 e4 24. Nxe4 dxe4 25. Bxe4 Be6 26. Bxb7 Rah8 27.
Kf2 Rh2+ 28. Ke1 Ba5+ 29. Kd1 Rd2+ 30. Ke1 Rxa2+ 31. Kd1 Rd2+ 32. Ke1 Ra2+ 33.
Kd1 Bb3+ 34. Rc2 Rd8+ 35. Kc1 Bxc2 36. Ba6 Bd2# 0-1

[Event "Ïåðâåíñòâî Ìîñêâû ïî øàõìàòàì 2015 ñðåäè"]
[Site "Moscow"]
[Date "2015.11.18"]
[Round "7.7"]
[White "Æóêîâ, Àíòîí."]
[Black "Äìèòðèåâ, Ëåîíèä."]
[Result "1-0"]
[WhiteElo "1771"]
[BlackElo "1475"]
[PlyCount "61"]
[EventDate "2015.11.12"]

1. d4 d5 2. c4 e6 3. Nf3 Nf6 4. g3 Nbd7 5. Bg2 c5 6. cxd5 exd5 7. O-O Bd6 8.
Nc3 c4 9. Bd2 h6 10. Qc2 Nb6 11. Rfe1 O-O 12. Nh4 Be6 13. Nf5 Bxf5 14. Qxf5 Bb4
15. Qc2 Re8 16. a3 Bxc3 17. bxc3 Ne4 18. Bc1 f5 19. f3 Nd6 20. Bf4 Rf8 21. Be5
Qe7 22. Bh3 Nbc8 23. a4 Qg5 24. Qc1 Qxc1 25. Raxc1 b5 26. axb5 Nxb5 27. e4 fxe4
28. fxe4 dxe4 29. Be6+ Kh8 30. Bd5 Rf3 31. Bxa8 1-0

[Event "Ïåðâåíñòâî Ìîñêâû ïî øàõìàòàì 2015 ñðåäè"]
[Site "Moscow"]
[Date "2015.11.18"]
[Round "7.8"]
[White "Çàêèðîâ, Àðòóð."]
[Black "×åðâîíåíêèñ, Áîðèñ."]
[Result "1-0"]
[WhiteElo "1648"]
[BlackElo "1766"]
[PlyCount "105"]
[EventDate "2015.11.12"]

1. e4 e5 2. Nf3 Nc6 3. Bc4 Bc5 4. c3 Nf6 5. d4 exd4 6. e5 d5 7. Bb5 Ne4 8. cxd4
Bb6 9. Be3 Bg4 10. Nc3 O-O 11. h3 Bh5 12. O-O f6 13. g4 Bg6 14. Bxc6 bxc6 15.
exf6 Qxf6 16. Ne5 Rad8 17. Rc1 Rd6 18. Ne2 Be8 19. a4 a5 20. Kg2 h5 21. f3 Ng5
22. Ng3 g6 23. gxh5 gxh5 24. h4 Ne6 25. f4 Qg7 26. Kh2 Qh7 27. f5 Nd8 28. Rg1
Kh8 29. Bf4 Rdf6 30. Nf3 Nf7 31. Qe2 Bd7 32. Ne5 Re8 33. Qxh5 Bxf5 34. Nxf7+
Rxf7 35. Qxh7+ Kxh7 36. Rxc6 Bxd4 37. Rh6+ Kg8 38. Rg2 Bg7 39. Nxf5 Rxf5 40.
Bxc7 d4 41. Rhg6 Re7 42. Bb6 Rd5 43. R6g5 Rxg5 44. hxg5 Rb7 45. Bxa5 Ra7 46. b4
Be5+ 47. Kh3 Bf4 48. Kg4 Bxg5 49. Kf5 Rf7+ 50. Ke4 Rg7 51. b5 Rg6 52. Bd2 Re6+
53. Kd5 1-0

[Event "Ïåðâåíñòâî Ìîñêâû ïî øàõìàòàì 2015 ñðåäè"]
[Site "Moscow"]
[Date "2015.11.18"]
[Round "7.9"]
[White "×èêîâàíè, Äàâèä."]
[Black "Ëóêüÿíåíêî, Àðòåìèé."]
[Result "1-0"]
[WhiteElo "1642"]
[BlackElo "1711"]
[PlyCount "61"]
[EventDate "2015.11.12"]

1. e4 d6 2. d4 Nf6 3. Nc3 g6 4. Nf3 Bg7 5. Be2 O-O 6. O-O c6 7. h3 Qc7 8. Be3
e5 9. dxe5 dxe5 10. Nd2 Rd8 11. Qe1 Nbd7 12. Kh1 b6 13. f4 Bb7 14. f5 Rf8 15.
Qh4 Qd6 16. Nc4 Qe7 17. Rad1 Rab8 18. Nd6 Rfd8 19. Bc4 Rf8 20. Bg5 b5 21. Bb3
Ra8 22. Rf2 a5 23. a3 c5 24. Ncxb5 h6 25. Bxh6 Bxh6 26. Qxh6 Nxe4 27. Nxe4 Bxe4
28. fxg6 Bxg6 29. Qxg6+ Kh8 30. Qh6+ Kg8 31. Rf3 1-0

[Event "Ïåðâåíñòâî Ìîñêâû ïî øàõìàòàì 2015 ñðåäè"]
[Site "Moscow"]
[Date "2015.11.18"]
[Round "7.10"]
[White "Âäîâèí, Ãåîðãèé."]
[Black "Ìèøóðèñ, Ìàòâåé."]
[Result "1/2-1/2"]
[WhiteElo "1640"]
[BlackElo "1693"]
[PlyCount "97"]
[EventDate "2015.11.12"]

1. d4 Nf6 2. Nf3 g6 3. c4 Bg7 4. g3 O-O 5. Bg2 d6 6. O-O Nbd7 7. Qc2 c5 8. Rd1
Qc7 9. b3 Rb8 10. Nc3 a6 11. dxc5 Nxc5 12. Nd4 Ne6 13. e3 Bd7 14. Rb1 Nxd4 15.
exd4 Bf5 16. Ne4 d5 17. Bf4 Qc6 18. Bxb8 Rxb8 19. Nxf6+ Qxf6 20. Qe2 Bxb1 21.
Rxb1 Qf5 22. Rd1 e6 23. Qd3 Qxd3 24. Rxd3 Rd8 25. cxd5 exd5 26. Kf1 Kf8 27. Ke2
Ke7 28. Re3+ Kd6 29. Kd3 Rc8 30. Re1 b5 31. f4 b4 32. Rd1 Rc3+ 33. Ke2 Rc2+ 34.
Rd2 Rxd2+ 35. Kxd2 Bxd4 36. h3 f6 37. Bf1 a5 38. Bd3 Bf2 39. g4 Kc5 40. Bb1 Kd4
41. f5 g5 42. Ke2 Bg3 43. Bd3 Bf4 44. Ba6 Kc3 45. Bb7 Kb2 46. Kd3 Be3 47. Bxd5
Kxa2 48. Kc2 Ka3 49. Bc6 1/2-1/2

[Event "Ïåðâåíñòâî Ìîñêâû ïî øàõìàòàì 2015 ñðåäè"]
[Site "Moscow"]
[Date "2015.11.18"]
[Round "7.11"]
[White "Ñîëîâüåâ, Âëàäèñëàâ."]
[Black "Ïîëÿêîâ, Àíòîí."]
[Result "0-1"]
[WhiteElo "1692"]
[BlackElo "1797"]
[PlyCount "60"]
[EventDate "2015.11.12"]

1. e4 e5 2. Nf3 Nc6 3. d4 exd4 4. Nxd4 Bc5 5. Nb3 Bb6 6. Nc3 Nf6 7. Qe2 O-O 8.
Bg5 h6 9. Bh4 Re8 10. O-O-O a5 11. Qb5 g5 12. Bg3 Nxe4 13. Nxe4 Rxe4 14. Bd3
Re6 15. Bf5 Rf6 16. h4 a4 17. hxg5 axb3 18. gxf6 bxa2 19. Kd2 Qxf6 20. Bh4 Qd6+
21. Kc3 Ba5+ 22. Kc4 Qf4+ 23. Kd3 Ne5+ 24. Ke2 Qxf5 25. Qa4 b5 26. Qb3 b4 27.
g4 Ba6+ 28. Ke3 Bb6+ 29. Kd2 Qf4+ 30. Ke1 Nf3+ 0-1

[Event "Ïåðâåíñòâî Ìîñêâû ïî øàõìàòàì 2015 ñðåäè"]
[Site "Moscow"]
[Date "2015.11.18"]
[Round "7.12"]
[White "Ëåâêèí, Ëåâ."]
[Black "Ñìåëûõ, Ýäâèí."]
[Result "1-0"]
[WhiteElo "1734"]
[BlackElo "1381"]
[PlyCount "103"]
[EventDate "2015.11.12"]

1. d4 Nf6 2. c4 e6 3. Nf3 Bb4+ 4. Bd2 c5 5. e3 Nc6 6. a3 Bxd2+ 7. Nbxd2 cxd4 8.
exd4 d5 9. c5 Bd7 10. Bd3 b6 11. b4 bxc5 12. b5 Nxd4 13. Nxd4 cxd4 14. Nf3 Qa5+
15. Qd2 Qxd2+ 16. Kxd2 Rb8 17. Nxd4 Ng4 18. Ke2 Ne5 19. a4 Nxd3 20. Kxd3 e5 21.
Rhe1 f6 22. Rac1 Rb7 23. Rc5 Kf7 24. Nc6 Bf5+ 25. Kd2 Rd7 26. a5 Be6 27. Ra1
Rb7 28. a6 Rd7 29. Nxa7 Rxa7 30. b6 Raa8 31. a7 Bc8 32. Rc7+ Kg6 33. Rac1 Ba6
34. Ra1 Bc8 35. b7 Bxb7 36. Rxb7 Rhf8 37. Rab1 Rf7 38. Rxf7 Kxf7 39. Rb7+ Kg6
40. Rd7 h5 41. Kc3 d4+ 42. Kb4 Rg8 43. Rb7 Ra8 44. Kb5 Kf5 45. Rxg7 e4 46. Kc4
e3 47. fxe3 dxe3 48. Kd3 Re8 49. Ke2 Kf4 50. g3+ Ke4 51. Re7+ Rxe7 52. a8=Q+
1-0